States By Top Export Industry - Statistics

General Stats
  • This quiz has been taken 15 times
  • The average score is 8 of 50
Answer Stats
Hint Answer % Correct
Iowa Corn
67%
Montana Coal
33%
Virginia Coal
33%
West Virginia Coal
33%
Arizona Aircraft
27%
Arkansas Aircraft
27%
Connecticut Aircraft
27%
Florida Aircraft
27%
Georgia Aircraft
27%
Kansas Aircraft
27%
Kentucky Aircraft
27%
Maryland Aircraft
27%
New Hampshire Aircraft
27%
Ohio Aircraft
27%
Oklahoma Aircraft
27%
South Carolina Aircraft
27%
Washington Aircraft
27%
Wisconsin Aircraft
27%
Mississippi Petroleum
27%
Texas Petroleum
27%
Louisiana Soybeans
27%
Massachusetts Gold
20%
Nevada Gold
20%
Utah Gold
20%
New York Diamonds
13%
Alabama Vehicles
13%
California Vehicles
13%
Michigan Vehicles
13%
Missouri Vehicles
13%
Alaska Zinc
13%
Delaware Medicine
7%
Illinois Medicine
7%
Indiana Medicine
7%
Pennsylvania Medicine
7%
South Dakota Brewing dregs
0%
Colorado Cow meat
0%
Nebraska Cow meat
0%
New Mexico Data processing parts
0%
Wyoming Disodium carbonate
0%
Oregon Electrical processors
0%
Vermont Electronic circuits
0%
Hawaii Ferrous scrap
0%
Minnesota Light oils
0%
North Dakota Light oils
0%
Maine Lobster
0%
New Jersey Palladium
0%
Rhode Island Precious metal
0%
Idaho Semiconductors
0%
Tennessee Surgical instruments
0%
North Carolina Vaccines and antibodies
0%
No matching quizzes found
Score Distribution
Percent of People with Each Score
Percentile by Number Answered
Your Score History
You have not taken this quiz